Central Library and Information Centre
Sibsagar Girls' College, Sivasagar : Assam

ASOMIYA SAHITYAR ITIBRITTWA (Record no. 2373)

MARC details
000 -LEADER
fixed length control field 00424cam a2200181ua 4500
008 - FIXED-LENGTH DATA ELEMENTS--GENERAL INFORMATION
fixed length control field 131127n1971 II |||gr||||Z||||||asm
040 ## - CATALOGING SOURCE
Original cataloging agency MAIN
041 ## - LANGUAGE CODE
-- English
082 ## - DEWEY DECIMAL CLASSIFICATION NUMBER
Classification number 891.451 SHA
100 ## - MAIN ENTRY--PERSONAL NAME
Personal name SHARMAH , SATYENDRANATH.
245 ## - TITLE STATEMENT
Title ASOMIYA SAHITYAR ITIBRITTWA
250 ## - EDITION STATEMENT
Edition statement 6TH.
260 ## - PUBLICATION, DISTRIBUTION, ETC.
Place of publication, distribution, etc. GUWAHATI
Name of publisher, distributor, etc. BANI PRAKASH
Date of publication, distribution, etc. 1971
300 ## - PHYSICAL DESCRIPTION
Extent 385:
Dimensions 21CM.
942 ## - ADDED ENTRY ELEMENTS (KOHA)
Koha item type Books
653 ## - INDEX TERM--UNCONTROLLED
Uncontrolled term Asomiya Sahitya
Holdings
Withdrawn status Lost status Damaged status Not for loan Collection code Home library Current library Shelving location Date acquired Full call number Barcode Date last seen Copy number Price effective from Koha item type
        TBASM Central Library and Information Centre Sibsagar Girls College Central Library and Information Centre Sibsagar Girls College   20.06.1970 891.451 SHA 02648 27.02.2020 1 27.02.2020 Books


Sibsagar Girl's College © 2020. All rights reserved.
Powered by Koha.
Maintained by Abhijit Borpuzari.